Fundamentals of business organizations / (Record no. 156495)

MARC details
000 -LEADER
fixed length control field 00535nam a22001817a 4500
005 - DATE AND TIME OF LATEST TRANSACTION
control field 20180829104950.0
010 ## - LCCN (DPL NO)
LC control number ENG-123879
020 ## - INTERNATIONAL STANDARD BOOK NUMBER
Terms of availability 895.00
International Standard Book Number 9789381005569
035 ## - SYSTEM CONTROL NUMBER
System control number EN-107411
037 ## - SOURCE OF ACQUISITION
Source of stock number/acquisition DBAD/PUB
082 ## - DEWEY DECIMAL CLASSIFICATION NUMBER
Classification number 658
100 ## - MAIN ENTRY--PERSONAL NAME
Personal name Munjal, Satish
245 ## - TITLE STATEMENT
Title Fundamentals of business organizations /
Statement of responsibility, etc by Satish Munjal
260 ## - PUBLICATION, DISTRIBUTION, ETC. (IMPRINT)
Date of publication, distribution, etc 2013
Place of publication, distribution, etc Jaipur
Name of publisher, distributor, etc Raj Publishing House
270 ## - ADDRESS
Address 44, Parnami Mandir, Givind Marg,
City Jaipur
Postal code 302004
300 ## - PHYSICAL DESCRIPTION
Dimensions 22cm(Hb.)
Extent ii,191p.
942 ## - ADDED ENTRY ELEMENTS (KOHA)
Item type English Books
Source of classification or shelving scheme Dewey Decimal Classification
Call number suffix MUN
Classification part 658
Holdings
Withdrawn status Lost status Not for loan Collection code Home library Current library Date acquired Source of acquisition Cost, normal purchase price Full call number Barcode Copy number Cost, replacement price Koha item type
    Not For Loan Non-fiction D.B.Act.Division Bawana 28/08/2018 DBAD/PUB 895.00 658 MUN EN-107411 1 895.00 English Books

© Delhi Public Library
Hit Counter
free hit counter